| 000 | 01247nam0a2200325 4500 | ||
|---|---|---|---|
| 001 | RU\NLR\BIBL_A\011913690 | ||
| 005 | 20190125133421.0 | ||
| 010 |
_a978-5-389-15042-3 _94000 |
||
| 021 |
_aRU _bКН-П-18-095416 _9КН-П-18-6921 |
||
| 035 | _a(NLR Aleph) 011913690 | ||
| 035 | _a(RuMoRGB)009838600 | ||
| 090 |
_a10950868 _c10950868 |
||
| 100 | _a20190121d2018 u y0rusy50 ca | ||
| 101 | 1 |
_arus _ceng |
|
| 102 |
_aRU _aUA |
||
| 105 | _ay|||z|||000 y | ||
| 200 | 1 |
_aФлэш-Рояль _e[роман] _fЛинда Ла Плант _g[перевод с английского Юлии Белолапотко] |
|
| 210 |
_aСанкт-Петербург _cАзбука _cАзбука-Аттикус _aКиев _cМахаон-Украина _d2018 |
||
| 215 |
_a604, [2] с. _d22 |
||
| 225 | 1 | _aЗвезды мирового детектива | |
| 320 | _aДр. произведения авт. на 2-й с. | ||
| 333 | _a16+ | ||
| 686 | 1 | _aШ6(4Вл)67-440.4(Лх1299-50) | |
| 700 | 1 |
_aЛа Плант _bЛ. _f1943- _gЛинда _3RU\NLR\AUTH\7710391 |
|
| 942 | _cBOOK | ||
| 980 | _aNBR | ||
| 980 | _aNB | ||